Länder in einem blauen JetPunk Fisch auf der Weltkarte - Statistiken

Allgemein
  • Dieses Quiz wurde 22.937 mal gespielt
  • Das Durchschnittsergebnis liegt bei 22 aus 32
Antworten auf der Karte
Die Antworten werden auf der Karte rot bzw. grün angezeigt, abhängig davon wie oft sie richtig erraten wurden.
 
Antwortstatistiken
Land % Korrekt
Ägypten
84%
Russland
84%
Italien
82%
Marokko
82%
Spanien
82%
Algerien
80%
Frankreich
80%
Portugal
78%
Libyen
76%
Tunesien
76%
Türkei
76%
Niger
74%
Saudi-Arabien
74%
Sudan
73%
Iran
72%
Irak
71%
Mali
71%
Israel
68%
Syrien
68%
Tschad
68%
Malta
67%
Mauretanien
66%
Zypern
63%
Georgien
59%
Griechenland
59%
Armenien
58%
Aserbaidschan
56%
Libanon
56%
Vatikanstadt
53%
San Marino
51%
Kuwait
48%
Albanien
27%
Keine übereinstimmenden Quizze gefunden
Verteilung der Resultate
Anzahl Personen mit jedem Resultat
Perzentil nach korrekt beantworteten Fragen
Ihre Resultats-Entwicklung
Sie haben dieses Quiz noch nicht gespielt